000
00279nam a22001217a 4500
082
_a
629.25 CRO'W
100
_a
CROUSE, WILLIAM H
_9
40261
245
_a
WORKBOOK FOR AUTOMOTIVES ENGINES
250
_a
3RD
260
_a
NEWYORK
_b
MCGRAW HILL
_c
1966
300
_a
108P
942
_c
BK
999
_c
585349
_d
585349